[Event "Sachsen-ch U10 Girls"]
[Site "Sebnitz"]
[Date "2012.04.13"]
[Round "6"]
[White "Zeckel, Carolin"]
[Black "Koenze, Heike"]
[Result "0-1"]
[WhiteElo "903"]
[BlackElo "1163"]
[PlyCount "100"]
[EventDate "2012.04.10"]
[EventType "swiss"]
[EventRounds "7"]
[EventCountry "GER"]
[SourceTitle "CBM 148 Extra"]
[Source "ChessBase"]
[SourceDate "2012.06.22"]
[SourceVersion "1"]
[SourceVersionDate "2012.06.22"]
[SourceQuality "1"]

1. e4 e6 2. d4 d5 3. e5 c5 4. Nf3 cxd4 5. Nxd4 Nc6 6. Bb5 Bd7 7. Bxc6 bxc6 8. 0-0 Ne7 9. Qf3 Ng6 10. Bf4 Be7 11. Nc3 0-0 12. Rae1 Rb8 13. b3 Qc7 14. Na4 c5 15. Ne2 d4 16. Ng3 Bc6 17. Ne4 Bb5 18. c4 dxc3 19. Naxc3 Bxf1 20. Rxf1 Nxe5 21. Qg3 f6 22. Bh6 Rf7 23. Ne2 c4 24. bxc4 Qxc4 25. N2c3 g6 26. Bf4 Qc7 27. a4 a6 28. Ng5 Rb3 29. Nxf7 Rxc3 30. Nh6+ Kg7 31. f3 g5 32. Bxe5 fxe5 33. Ng4 h5 34. Qxe5+ Qxe5 35. Nxe5 Ra3 36. Nc6 Bc5+ 37. Kh1 Rxa4 38. Re1 a5 39. h3 Bd6 40. g4 hxg4 41. hxg4 Ra2 42. Rxe6 Ra1+ 43. Kg2 Bf4 44. Re7+ Kf6 45. Nd4 Kxe7 46. Nf5+ Kf6 47. Nd4 a4 48. Nb5 Ra2+ 49. Kf1 Rb2 50. Nc3 a3 0-1

[Event "Sachsen-ch U10 Girls"]
[Site "Sebnitz"]
[Date "2012.04.12"]
[Round "4"]
[White "Hagenbeck Huebert, Pia"]
[Black "Zeckel, Carolin"]
[Result "0-1"]
[WhiteElo "903"]
[BlackElo "903"]
[PlyCount "68"]
[EventDate "2012.04.10"]
[EventType "swiss"]
[EventRounds "7"]
[EventCountry "GER"]
[SourceTitle "CBM 148 Extra"]
[Source "ChessBase"]
[SourceDate "2012.06.22"]
[SourceVersion "1"]
[SourceVersionDate "2012.06.22"]
[SourceQuality "1"]

1. e4 e5 2. Nf3 Nc6 3. Bc4 d6 4. Nc3 Nf6 5. d3 Bg4 6. Bg5 h6 7. Bxf6 Qxf6 8. Qd2 Bxf3 9. gxf3 Nd4 10. 0-0-0 Nxf3 11. Qe3 0-0-0 12. Nd5 Qg5 13. Qxg5 Nxg5 14. Rhg1 Nh3 15. Rg2 c6 16. Ne3 Nf4 17. Rg4 h5 18. Rg5 f6 19. Rf5 Be7 20. Rxf4 exf4 21. Nf5 Bf8 22. Be6+ Kb8 23. Nd4 c5 24. Nb5 g5 25. d4 b6 26. Nc3 g4 27. Ne2 f3 28. Nf4 h4 29. Bxg4 Re8 30. Bxf3 Bh6 31. dxc5 Bxf4+ 32. Kb1 dxc5 33. h3 Rd8 34. Rg1 Rd7 0-1